000 00297nam a22001097a 4500
082 _a808.1 GOL'I
100 _aJONES, FRANK
_957771
245 _aTHE GOLDEN BOOKS OF ENGLISH VERSE A GRADUATED COURSE FOR CLASS STUDY BOOK-3
260 _aLONDON
_bBLACKI & SONS
_c1970
300 _a166P
942 _cBK
999 _c568028
_d568028